000 01938cam a22004334i 4500
003 PE-LiUPU
005 20250731183443.0
008 150706s2012 r 000 0 d
020 _a9786124125058
035 _a(Sirsi) i9786124125058
040 _aPE-LiUPU
_bspa
_cPE-LiUPU
_erda
049 _aPRUA
082 0 4 _a746.098
_bA52
_221
100 1 _aArnold, Denise Y.,
_eautor.
245 1 3 _aEl textil y la documentación del tributo en los andes :
_blos significados del tejido en contextos tributarios /
_cDenise Y. Arnold.
264 1 _aLima :
_bEditorial de la Asamblea Nacional de Rectores,
_c2012
300 _a285 páginas :
_bilustraciones ;
_c22 cm.
336 _atext
_2rdacontent
337 _aunmediated
_2rdamedia
338 _avolume
_2rdacarrier
490 0 _aArtes y humanidades.
505 0 _aLos estudios actuales sobre la textil ería andina como formas de documentación -- Khipu, textil y guerra: el inicio de las relaciones tributarias -- El lenguaje documental del textil -- Los textiles como dispositivos de medición -- El textil y sus sentidos en un contexto tributario.
526 _aP158
526 _aP146
526 _aP17
526 _aP12
526 _aP06
650 0 4 _aTejidos indígenas
_zRegión Andina
_xHistoria.
650 0 4 _aTextiles indígenas
_zRegión Andina
_xHistoria.
650 0 4 _aTejidos
_zRegión Andina
_xHistoria.
650 0 4 _aIndustria textil
_zRegión Andina
_xHistoria.
910 _agl
_d20130920
942 _2ddc
_cBOOK
949 _a746.098 A52
_wDEWEY
_c1
_i68460
_lCCODEBUL1
_mBUL
_r0
_sY
_tBOOK
_u2015-7-6
_xBIBLIOTECA
_zUNKNOWN
_o.STAFF. Colección General
994 _aC0
_bPEPRU
596 _a1
999 _a746.098 A52
_wDEWEY
_c55534
_i68460
_f2021-11-5
_g7
_lCCODEBUL1
_mBUL
_p25.00
_r0
_sY
_tBOOK
_u2015-7-6
_xBIBLIOTECA
_zUNKNOWN
_0COMPRA
_o.STAFF. Colección Ingenieria y Arquitectura
_d55534
980 _81
_gALBERTO SANCHEZ Responsable de Automatización